Представление документа в формате MARC21

Поле Инд. ПП Название Значение
Тип записи a
Библиографический уровень b
001 Контрольный номер c8d96d3b551149f9b5e741ea847e02ce
005 Дата корректировки 20210909111228.5
008 Кодируемые данные 20140826
040 b Код языка каталог. rus
e Правила каталог. PSBO
041 0_ a Код языка текста rus
084 a Индекс другой классификации/Индекс ББК 66.3(2Рос),124; 65.261.7
100 1_ a Автор Фомин М. В.
q Полное имя Фомин Максим Витальевич
100 1_ a Автор Лахно Ю. В.
q Полное имя Лахно Юлия Викторовна
100 1_ a Автор Пышнограй А. П.
q Полное имя Пышнограй Александер Петрович
245 10 a Заглавие Муниципальные облигации как инструмент развития инфраструктуры
504 a Библиография Лит. в конце статьи
650 04 a Основная рубрика политика; местное самоуправление; экономика; финансы; муниципальные финансы
653 1_ a Ключевые слова "Безопасные дороги" (национальный проект)
a Ключевые слова Банк инфраструктурного развития
a Ключевые слова долговая политика
a Ключевые слова инвестиционная привлекательность
a Ключевые слова инфраструктурная ипотека
a Ключевые слова инфраструктурные проекты
a Ключевые слова контракт жизненного цикла
a Ключевые слова концессионные соглашения
a Ключевые слова миграционная привлекательность
a Ключевые слова муниципальное управление
a Ключевые слова муниципальные облигации
a Ключевые слова муниципальные ценные бумаги
a Ключевые слова национальные проекты
a Ключевые слова плановое развитие
a Ключевые слова привлечение инвестиций
a Ключевые слова программные облигации
a Ключевые слова проектные облигации
a Ключевые слова пространственное развитие
a Ключевые слова развитие инфраструктуры
a Ключевые слова регионы России
a Ключевые слова реновации
a Ключевые слова Россия
a Ключевые слова социально-экономическое положение
a Ключевые слова субъекты РФ
a Ключевые слова финансирование проектов
a Ключевые слова финансовая политика
a Ключевые слова ценные бумаги
a Ключевые слова эффективность управления
773 08 t Заглавие источника Вопросы государственного и муниципального управления
d Дата издания источника 2019
g Прочая информация № 2. - С. 185 - 210 : табл., схем.
w Контрольный № источника DU/616683499
901 t Тип документа b